| 000 | 01138nab a2200241 4500 | ||
|---|---|---|---|
| 003 | AR-RoBPED | ||
| 005 | 20260507114218.0 | ||
| 008 | 260507b |||||||| |||| 00| 0 spa d | ||
| 040 | _aAR-RoBPED | ||
| 041 | _aspa | ||
| 100 | 1 |
_aVénica, Melina E. _930908 _eProfesora en Lengua y Literatura |
|
| 245 | 1 | 3 | _aLa lectura literaria en el Nivel Superior / |
| 260 |
_aBuenos Aires : _bNoveduc, _c2023 |
||
| 300 | _a24-27 p. | ||
| 500 | _aSe comunica una experiencia de lectura desarrollada desde el año 2020 hasta la fecha, con los estudiantes y docentes de las cuatro carreras (dos de formación docente y dos de formación técnica) del Instituto Superior Particular Incorporado N° 4013 "Padre Joaquín Bonaldo", de la ciudad de Avellaneda, en la provincia de Santa Fe. | ||
| 650 | 7 |
_aLECTURA _9160 |
|
| 650 | 7 |
_aFORMACION DE DOCENTES _91259 |
|
| 650 | 0 |
_aNIVEL SUPERIOR _928977 |
|
| 650 | 7 |
_aEXPERIENCIA PEDAGOGICA _93265 |
|
| 773 | 0 |
_020414 _941865 _dBuenos Aires : Noveduc, 1993- _tNovedades Educativas _w(AR-RoBPED)20414 _x03283534 |
|
| 942 |
_2udc _cREV _h37(05) _mNov 86 N° 390 (Sept.2023) _ak.32720 |
||
| 945 | _amar 05/2026 | ||
| 999 |
_c32720 _d32720 |
||